Los pechos privilegiados

Сохранить в:
Библиографические подробности
Главный автор: Ruiz de Alarcón, Juan (Автор)
Формат:
Язык:испанский
Опубликовано: Zaragoza Ebro 1977
Редактирование:4a. ed
Серии:Biblioteca Clásica Ebro. Clásicos Españoles, 73
Предметы:
Метки: Добавить метку
Нет меток, Требуется 1-ая метка записи!

MARC

LEADER 00000nam a2200000 a 4500
001 UCQ6163
003 CL-VaPUC
008 981009e19770000SP |||||||||||||||||spa|d
082 0 4 |a 862  |b RUI  |2 21 
100 0 |a Ruiz de Alarcón, Juan  |e author  |9 420080 
245 1 4 |a Los pechos privilegiados 
250 |a 4a. ed 
300 |a 125 p 
942 |c BK 
945 |d 19981009 00:00:00  |a crobeson 
260 |a Zaragoza  |b Ebro  |c 1977 
650 0 |a Dramas españoles  |9 267081 
650 0 |a Literatura española  |9 306261 
583 |a last modification  |c 19981009 00:00:00  |k Rodrigo Vera 
490 0 |a Biblioteca Clásica Ebro. Clásicos Españoles, 73 
999 |c 276165  |d 276163 
952 |0 0  |1 0  |4 0  |6 862_000000000000000_RUI_1977  |7 0  |8 A  |9 313302  |a BIBEDU  |b BIBEDU  |d 2019-11-20  |i 1476483  |o 862 RUI 1977  |p 1476483  |r 2019-11-20  |w 2019-11-20  |y BK  |k LIT